MARC

LEADER 00000nam0a2200000 4500
001 212001
005 20231031192759.0
035 |a (RuTPU)RU\TPU\book\231621 
090 |a 212001 
100 |a 20120322d1989 m y0rusy50 ca 
101 0 |a rus 
102 |a RU 
105 |a a z 001zy 
200 1 |a Методы анализа и расчета электронных схем  |e учебное пособие  |f В. А. Бондарь, В. С. Баушев, А. В. Кобзев  |g Томский институт автоматизированных систем управления и радиоэлектроники (ТИАСУР) 
210 |a Томск  |c Изд-во Томского ун-та  |d 1989 
215 |a 307 с.  |c ил. 
320 |a Библиогр.: с. 303-305. 
610 1 |a электронные схемы 
610 1 |a анализ 
610 1 |a расчет 
610 1 |a электронные цепи 
610 1 |a моделирование 
675 |a 621.38.061.001  |v 3 
700 1 |a Бондарь  |b В. А.  |c инженер, электротехник  |c проректор Томского университета систем управления и радиоэлектроники (ТУСУР) по дистанционному, вечернему и заочному обучению, профессор, доктрор технических наук  |f 1941-2002  |g Владимир Антонович  |2 stltpush  |3 (RuTPU)RU\TPU\pers\11857 
701 1 |a Баушев  |b В. С.  |g Валерий Семенович 
701 1 |a Кобзев  |b А. В.  |c электротехник, доктор технических наук, профессор  |c ректор Томского государственного университета систем управления и радиоэлектроники (ТУСУР) 1999-2009  |f 1944-2021  |g Анатолий Васильевич  |2 stltpush  |3 (RuTPU)RU\TPU\pers\11826 
712 0 2 |a Томский институт автоматизированных систем управления и радиоэлектроники (ТИАСУР)  |c (1971-1993)  |2 stltpush  |3 (RuTPU)RU\TPU\col\3065 
801 1 |a RU  |b 63413507  |c 20120322 
801 2 |a RU  |b 63413507  |c 20220211  |g RCR 
942 |c BK